The physical theory of transistors / (Record no. 183180)

000 -LEADER
fixed length control field 00636 a2200181 4500
003 - CONTROL NUMBER IDENTIFIER
control field Nust
005 - DATE AND TIME OF LATEST TRANSACTION
control field 20221220133626.0
040 ## - CATALOGING SOURCE
Transcribing agency Nust
082 ## - DEWEY DECIMAL CLASSIFICATION NUMBER
Classification number 621.38411,VAL
100 ## - MAIN ENTRY--PERSONAL NAME
Personal name Valdes, Leopoldo B.
9 (RLIN) 105376
245 ## - TITLE STATEMENT
Title The physical theory of transistors /
Statement of responsibility, etc. Leopoldo B.Valdes,
260 ## - PUBLICATION, DISTRIBUTION, ETC.
Place of publication, distribution, etc. McGraw-Hill,
Name of publisher, distributor, etc. New York,
Date of publication, distribution, etc. 1961
300 ## - PHYSICAL DESCRIPTION
Extent 370 p
Other physical details illus
Dimensions 24 cm
505 ## - FORMATTED CONTENTS NOTE
Formatted contents note Introductory Concepts (Page-3), Electronic Properties of Semiconductor Materials (Page-67), Properties of Semiconductor Devices (Page-259).
600 ## - SUBJECT ADDED ENTRY--PERSONAL NAME
Personal name Valdes, Leopoldo B.
9 (RLIN) 105376
650 ## - SUBJECT ADDED ENTRY--TOPICAL TERM
Topical term or geographic name entry element The physical theory of transistors
9 (RLIN) 105377
942 ## - ADDED ENTRY ELEMENTS (KOHA)
Source of classification or shelving scheme
Koha item type Book
Holdings
Withdrawn status Lost status Source of classification or shelving scheme Damaged status Not for loan Permanent Location Current Location Shelving location Date acquired Full call number Barcode Date last seen Price effective from Koha item type Public note
          Military College of Signals (MCS) Military College of Signals (MCS) General Stacks 12/12/2016 621.38411,VAL MCS20851 12/08/2016 12/12/2016 Book Almirah No.38, Shelf No.4
          Military College of Signals (MCS) Military College of Signals (MCS) General Stacks 12/12/2016 621.38411,VAL MCS21250 12/08/2016 12/12/2016 Book Almirah No.84, Shelf No.1
          Military College of Signals (MCS) Military College of Signals (MCS) General Stacks 12/12/2016 621.38411,VAL MCS21976 12/08/2016 12/12/2016 Book Almirah No.84, Shelf No.1
© 2023 Central Library, National University of Sciences and Technology. All Rights Reserved.